Guess The Brand! #17 - Statistics

General Stats
  • This quiz has been taken 50 times
  • The average score is 24 of 70
Answer Stats
Picture Answer % Correct
Messenger
81%
Cars
74%
The Sun
71%
Ratatouille
64%
Sram
62%
Pink Floyd
60%
U2
60%
Bayern Munich
57%
Nintendo 3DS
57%
European Union
55%
Finlandia
52%
Heroes
50%
Duplo
48%
Esprit
48%
Jim Beam
48%
Scotch
48%
CVS
45%
The Doors
45%
Ninja Turtles
43%
50 Cent
40%
Dallas Stars
40%
Gamecube
40%
Tour De France
40%
Vivienne Westwood
40%
Big Boy
38%
Grants
38%
Everlast
36%
Red Wings
36%
Anaheim Ducks
33%
ATP
33%
Wall Street Journal
33%
Discover
31%
Dolce Gusto
31%
LA Kings
31%
Pritt
31%
Generali
29%
Google Wallet
29%
Standard Chartered
29%
Adele
26%
Alienware
26%
Big Lots
26%
Gimp
26%
Miller
26%
Peroni
26%
Piper
26%
Royal Mail
26%
ABB
24%
Kahlua
24%
Pan Am
24%
Star Alliance
24%
Drupal
21%
Eroski
21%
Frys
21%
Gameloft
21%
Milton Bradley
21%
Skyy
21%
VLC
21%
Cafe De Colombia
19%
Carolina Herrera
19%
McKinley
19%
Sams Club
19%
Stumbleupon
19%
Paco Rabbane
17%
Shoei
17%
Symantec
17%
Agv
14%
Bulova
14%
Caterham
14%
Cohiba
14%
Osborne
14%
No matching quizzes found
Score Distribution
Percent of People with Each Score
Percentile by Number Answered
Your Score History
You have not taken this quiz